T Subdivisions - Hard - Statistics

General Stats
  • This quiz has been taken 15 times
    9 since last reset
  • The average score is 91 of 186
Answer Stats
Hint Subdivision Type Answer % Correct
New Zealand Self-Administering Territory Tokelau
100%
Mexico State Tabasco
50%
Slovenia Municipality Tabor
50%
Tanzania Region Tabora
50%
Saudi Arabia Region Tabuk
50%
Venezuela State Táchira
50%
Peru Department Tacna
50%
Uruguay Department Tacuarembó
50%
Djibouti Region Tadjourah
50%
Vanuatu Province Tafea
50%
Jordan Governorate Tafilah
50%
Mauritania Region Tagant
50%
Niger Region Tahoua
50%
Taiwan City Taichung
50%
Taiwan City Tainan
50%
Taiwan City Taipei
50%
Taiwan County Taitung
50%
Yemen Governorate Taiz
50%
Thailand Province Tak
50%
Seychelles District Takamaka
50%
Cambodia Province Takéo
50%
Afghanistan Province Takhar
50%
Kyrgyzstan Region Talas
50%
Latvia Municipality Talsi
50%
Algeria Province Tamanrasset
50%
Mexico State Tamaulipas
50%
Senegal Region Tambacounda
50%
Russia Oblast Tambov
50%
India State Tamil Nadu
50%
Kenya County Tana River
50%
Chad Province Tandjilé
50%
Tanzania Region Tanga
50%
Democratic Republic of the Congo Province Tanganyika
50%
Myanmar Region Tanintharyi
50%
Mali Region Taoudénit
50%
Taiwan City Taoyuan
50%
Nigeria State Taraba
50%
Moldova District Taraclia
50%
Chile Region Tarapacá
50%
Bulgaria Province Targovishte
50%
Bolivia Department Tarija
50%
Cape Verde Council Tarrafal
50%
Cape Verde Council Tarrafal de São Nicolau
50%
Azerbaijan District Tartar
50%
Estonia County Tartu
50%
Syria Governorate Tartus
50%
Uzbekistan Independent City Tashkent
50%
Uzbekistan Region Tashkent
50%
Australia State Tasmania
50%
Tunisia Province Tataouine
50%
Russia Republic Tatarstan
50%
Lithuania County Tauragė
50%
Armenia Province Tavush
50%
Vietnam Province Tây Ninh
50%
Georgia Region Tbilisi
50%
Cambodia Province Tboung Khmum
50%
North Macedonia Municipality Tearce
50%
Algeria Province Tébessa
50%
Iran Province Tehran
50%
Türkiye Province Tekirdağ
50%
India State Telangana
50%
Israel District Tel Aviv
50%
Norway County Telemark
50%
Moldova District Telenești
50%
Romania County Teleorman
50%
Lithuania County Telšiai
50%
Brunei District Temburong
50%
Solomon Islands Province Temotu
50%
United States State Tennessee
50%
Uganda District Terego
50%
Malaysia State Terengganu
50%
Ukraine Oblast Ternopil
50%
Mozambique Province Tete
50%
North Macedonia Municipality Tetovo
50%
United States State Texas
50%
Lesotho District Thaba-Tseka
50%
Vietnam Province Thái Nguyên
50%
Vietnam Province Thanh Hóa
50%
Greece Decentralized Administration Thessaly and Central Greece
50%
Senegal Region Thiès
50%
Bhutan District Thimphu
50%
Iceland Municipality Þingeyjarsveit
50%
Switzerland Canton Thurgau
50%
Germany State Thuringia
50%
China Municipality Tianjin
50%
Algeria Province Tiaret
50%
Chad Province Tibesti
50%
China Autonomous Region Tibet
50%
Switzerland Canton Ticino
50%
Argentina Province Tierra del Fuego
50%
Ethiopia Region Tigray
50%
Niger Region Tillabéri
50%
Algeria Province Timimoun
50%
Romania County Timiș
50%
Algeria Province Tindouf
50%
Algeria Province Tipaza
50%
Ireland County Tipperary
50%
Albania County Tirana
50%
Mauritania Region Tiris Zemmour
50%
Slovenia Municipality Tišina
50%
Algeria Province Tissemsilt
50%
Montenegro Municipality Tivat
50%
Algeria Province Tizi Ouzou
50%
Iceland Municipality Tjörneshreppur
50%
Mexico State Tlaxcala
50%
Algeria Province Tlemcen
50%
Trinidad and Tobago Ward Tobago
50%
Brazil State Tocantins
50%
Japan Prefecture Tochigi
50%
Türkiye Province Tokat
50%
Japan Prefecture Tokushima
50%
Japan Prefecture Tōkyō
50%
Belize District Toledo
50%
Colombia Department Tolima
50%
Slovenia Municipality Tolmin
50%
Hungary County Tolna
50%
Guinea-Bissau Region Tombali
50%
Mali Region Tombouctou
50%
Russia Oblast Tomsk
50%
Tonga Province Tongatapu
50%
Serbia District Toplica
50%
Vanuatu Province Torba
50%
Uganda District Tororo
50%
Guatemala Department Totonicapán
50%
Japan Prefecture Tottori
50%
Algeria Province Touggourt
50%
Mongolia Province Töv
50%
Azerbaijan District Tovuz
50%
Japan Prefecture Toyama
50%
Tunisia Province Tozeur
50%
Türkiye Province Trabzon
50%
Thailand Province Trang
50%
Moldova Autonomous Territorial Unit Transnistria
50%
Kenya County Trans-Nzoia
50%
Mauritania Region Trarza
50%
Bhutan District Trashigang
50%
Bhutan District Trashiyangtse
50%
Thailand Province Trat
50%
Slovenia Municipality Trbovlje
50%
Slovenia Municipality Trebnje
50%
Jamaica Parish Trelawny
50%
Slovakia Region Trenčín
50%
Uruguay Department Trienta y Tres
50%
Liechtenstein Municipality Triesen
50%
Liechtenstein Municipality Triesenberg
50%
Libya District Tripoli
50%
India State Tripura
50%
Slovakia Region Trnava
50%
Slovenia Municipality Trnovska Vas
50%
Norway County Troms
50%
Norway County Trøndelag
50%
Bhutan District Trongsa
50%
Venezuela State Trujillo
50%
Slovenia Municipality Tržič
50%
Slovenia Municipality Trzin
50%
Democratic Republic of the Congo Province Tshopo
50%
Democratic Republic of the Congo Province Tshuapa
50%
Bhutan District Tsirang
50%
Samoa District Tuamasaga
50%
Palestine Governorate Tubas
50%
Argentina Province Tucumán
50%
Latvia Municipality Tukums
50%
Russia Oblast Tula
50%
Romania County Tulcea
50%
Palestine Governorate Tulkarm
50%
Peru Department Tumbes
50%
Türkiye Province Tunceli
50%
Ecuador Province Tungurahua
50%
Tunisia Province Tunis
50%
Kenya County Turkana
50%
Kazakhstan Region Turkistan
50%
United Kingdom Overseas Territory Turks and Caicos Islands
50%
Slovenia Municipality Turnišče
50%
Italy Region Tuscany
50%
Brunei District Tutong
50%
Russia Republic Tuva
50%
Vietnam Province Tuyên Quang
50%
Montenegro Municipality Tuzi
50%
Russia Oblast Tver
50%
Austria State Tyrol
50%
Russia Oblast Tyumen
50%
Kenya County Taita-Taveta
0%
Morocco Region Tanger-Tetouan-Al Hoceima
0%
Kenya County Tharaka-Nithi
0%
Italy Autonomous Region Trentino-South Tyrol
0%
Trinidad and Tobago Region Tunapuna-Piarco
0%
No matching quizzes found
Score Distribution
Percent of People with Each Score
Percentile by Number Answered
Your Score History
You have not taken this quiz since the last reset